00870nam a22002297a 4500999001500000001000600015003000900021005001700030008004100047020001800088040002900106082001900135245013200154260005700286300002900343504006400372650003300436700002400469700001900493942001200512952011600524 c6531d653119549BD-DhUAP20210103161029.0210103r20052009ii b 101 0 eng d a9788120327382 aDLCcDLCdBD-DhUAPb Eng00a174.4 BUS 22300aBusiness ethics :bnew challenges for business schools and corporate leaders /cedited by Robert A. Peterson and O. C. Ferrell. aNew Delhi :bPHI Learning, cc2005 [Reprinted 2009]. axii, 286 pages ;c24 cm. aIncludes bibliographical references (p. 247-266) and index. 0aBusiness ethicsvCongresses.1 aPeterson, Robert A.1 aFerrell, O. C. 2ddccBK 00102ddc4070aUAPCLbUAPCLcGeneral Stacksd2021-01-03o174.4 BUSp3010019549r2021-01-03t1w2021-01-03yBK